000 00413nam a2200145 a 4500
020 _a0030143292
050 0 0 _aGE70
_b.R38 1993
100 1 _aRaven, Peter H.
245 1 0 _aEnvironment /
_cPeter H. Raven, Linda R. Berg, George B. Johnson.
260 _aFort Worth :
_bSaunders College Publishing,
_c1993.
300 _axxii, 569 p. :
700 1 _aBerg, Linda R.
700 1 _aJohnson, George B.
942 _2lcc
_cGEN
999 _c9975
_d9975